El Monumento á los corsarios ibicencos
Descripción Física:
14 p. ; 19 cm
Colección:
Notas de la tierra
MARC
| LEADER | 00000nam a2200000Ia 4500 | ||
|---|---|---|---|
| 001 | 21801 | ||
| 008 | 160829s1914 xx 000 0 cat d | ||
| 080 | |a 3745, exp. 2 | ||
| 245 | |a El Monumento á los corsarios ibicencos | ||
| 260 | |a Ibiza : |b Imprenta Herederos de F. Escanellas, |c 1914 | ||
| 300 | |a 14 p. ; |c 19 cm | ||
| 490 | |a Notas de la tierra | ||
| 590 | |a A la portada: De Heraldo Balear | ||
| 650 | |a Corsaris |9 48356 | ||
| 650 | |a Eivissa |9 48357 | ||
| 901 | |a Arxiu | ||
| 942 | |n 1 | ||
| 952 | |0 0 |1 0 |4 0 |6 3745_EXP_2 |7 1 |9 54490 |a Arxiu |b Arxiu |d 2016-12-01 |l 0 |o 3745, exp. 2 |p 21801 |r 2016-12-01 00:00:00 |w 2016-12-01 |y ARXIU | ||
| 999 | |c 58359 |d 58359 | ||